| 000 | 00547cam a22001457a 4500 | ||
|---|---|---|---|
| 008 | 180718b2004 xxu||||| |||| 00| 0 eng d | ||
| 082 | _aAPPPA 2003-04 NAG/26 | ||
| 100 | _aNagal, D.P.S. | ||
| 245 |
_aRain water harvesting in national capital territory of Delhi _cby D.P.S. Nagal |
||
| 260 |
_aNew Delhi _bIndian Institute of Public Administration _c2004 |
||
| 300 | _a112p. | ||
| 500 | _aAn APPPA M.Phil dissertation, 2003-04 (Guide: Dr. P.S.N. Rao) | ||
| 650 | _aWatershed management - India - Delhi | ||
| 650 | _aWater harvesting - India - Delhi | ||
| 999 |
_c492917 _d492917 |
||